Statistics for NRL 2023 Try Scorers (Doubles)

Click here to take the quiz!

General Stats

  • This quiz has been taken 13 times
    (11 since last reset)
  • The average score is 41 of 88

Answer Stats

Club#Answer% Correct
Broncos1Reece Walsh
100%
Rabbitohs4Alex Johnston
90%
Bulldogs2Josh Addo-Carr
90%
Broncos1Selwyn Cobbo
90%
Panthers1Brian To'o
80%
Broncos1Ezra Mam
80%
Dolphins4Hamiso Tabuai-Fidow
80%
Broncos2Herbie Farnworth
80%
Panthers4Izack Tago
80%
Dolphins4Jamayne Isaako
80%
Roosters2James Tedesco
80%
Broncos2Kotoni Staggs
80%
Rabbitohs2Latrell Mitchell
80%
Cowboys2Valentine Holmes
80%
Knights1Bradman Best
70%
Rabbitohs2Campbell Graham
70%
Eels2Clinton Gutherson
70%
Rabbitohs1Cody Walker
70%
Knights5Dominic Young
70%
Cowboys1Jeremiah Nanai
70%
Raiders2Jordan Rapana
70%
Tigers1Junior Tupou
70%
Cowboys3Kyle Feldt
70%
Eels4Maika Sivo
70%
Bulldogs1Matt Burton
70%
Eels1Mitchell Moses
70%
Cowboys1Murray Taulagi
70%
Storm2Xavier Coates
70%
Warriors4Dallin Watene-Zelezniak
60%
Sea Eagles1Daly Cherry-Evans
60%
Sea Eagles1Jason Saab
60%
Warriors2Marcelo Montoya
60%
Dragons2Mikaele Ravalawa
60%
Warriors1Shaun Johnson
60%
Dragons1Zac Lomax
60%
Eels2Bailey Simonsson
50%
Knights2Greg Marzhew
50%
Raiders1Matthew Timoko
50%
Sharks4Ronaldo Mulitalo
50%
Cowboys3Scott Drinkwater
50%
Panthers1Sunia Turuva
50%
Cowboys1Tom Dearden
50%
Storm1Will Warbrick
50%
Titans6Alofiana Khan-Pereira
40%
Sharks1Briton Nikora
40%
Titans1David Fifita
40%
Storm1Harry Grant
40%
Knights1Jackson Hastings
40%
Sharks1Jesse Ramien
40%
Broncos1Jordan Riki
40%
Roosters1Joseph Manu
40%
Roosters2Luke Keary
40%
Storm2Nick Meaney
40%
Sea Eagles1Tolutau Koula
40%
Dolphins*1Valynce Te Whare
40%
Dolphins1Connelly Lemuelu
30%
Sea Eagles1Haumole Olakau'atu
30%
Bulldogs1Jacob Kiraz
30%
Bulldogs2Jacob Preston
30%
Dragons1Jayden Sullivan
30%
Panthers1Scott Sorensen
30%
Cowboys1Semi Valemei
30%
Rabbitohs1Taane Milne
30%
Panthers2Tyrone Peachey
30%
Eels1Will Penisini
30%
Warriors1Adam Pompey
20%
Raiders1Corey Horsburgh
20%
Roosters1Daniel Tupou
20%
Tigers1David Nofoaluma
20%
Bulldogs3Jake Averillo
20%
Raiders1Jamal Fogarty
20%
Roosters2Jaxson Paulo
20%
Titans1Kieran Foran
20%
Warriors1Luke Metcalf
20%
Titans1Phillip Sami
20%
Knights1Phoenix Crossland
20%
Tigers1Starford To'a
20%
Panthers1Tom Jenkins
20%
Sea Eagles2Tom Trbojevic
20%
Titans1Aaron Schoupp
10%
Rabbitohs1Blake Taafe
10%
Cowboys1Heilum Luki
10%
Knights1Lachlan Miller
10%
Warriors1Mitchell Barnett
10%
Dolphins1Robert Jennings
10%
Sharks1Siosifa Talakai
10%
Dragons1Tautau Moga
10%
Rabbitohs1Tyrone Munro
10%

Score Distribution

Percentile by Number Answered

Percent of People with Each Score

Your Score History

You have not taken this quiz since the last reset